00506nam a2200181Ia 4500008004100000020003000041040001900071041001200090082002500102100002600127245003100153260003700184300002400221440002200245504001900267650002000286850001800306131103s9999 xx 000 0 und d a0 7513 6019 8cP.B.G.9.99 aLoreto College aEnglish a930/BAQbLCLIB/41085 aBaqueedano, Elizabeth aAzteacElizabeth Baquedano aLondonbDorling Kindersleyc1993 a64p.b ill.c 28cm. aEyewitness guides aIncludes index aAztec - history aLCLIB/932/BAQ